书目信息 |
| 书名: | Police administration | |
| 作者: | O. W. Wilson, Roy Clinton McLaren. | |
| 分册号: | ||
| 分册名: | 出版地: | New York : |
|
| 出版社: | McGraw-Hill | |
| 出版时间: | c1977. | |
| 页数: | xii, 703 p. : | |
| 开本: | 24 cm. | |
| 丛书名: | ||
| 中图分类号: | ||
| 科图分类号: | ||
| 其他分类号: | D523.3 | |
| 主题词: | ||
| 电子资源: | ||
| 000 | 00909cam a2200289 i 450 | |
| 001 | E0730459865 | |
| 005 | 20070512083033.57 | |
| 008 | 761118s1977 nyua b 001 0 eng | |
| 010 | @a76056177 | |
| 020 | @a007070726X :@c$13.95. | |
| 035 | @A(DLC) 76056177 | |
| 040 | @aDLC@cDLC@dDLC | |
| 050 | 00 | @aHV7935@b.W48 1977 |
| 082 | 00 | @a363.2 |
| 090 | @aD523.3 | |
| 099 | @dD523.3@ex20 | |
| 100 | 1 | @aWilson, O. W.@q(Orlando Winfield),@d1900-1972. |
| 245 | 10 | @aPolice administration / @cO. W. Wilson, Roy Clinton McLaren. |
| 250 | @a4th ed. | |
| 260 | @aNew York :@bMcGraw-Hill,@cc1977. | |
| 300 | @axii, 703 p. :@bill. ;@c24 cm. | |
| 500 | @aIncludes index. | |
| 504 | @aBibliography: p. 673-680. | |
| 650 | 0 | @aPolice administration. |
| 700 | 1 | @aMcLaren, Roy Clinton,@ejoint author. |
| 906 | @a7@bcbc@corignew@d1@eocip@f19@gy-gencatlg | |
| 991 | @bc-GenColl@hHV7935@i.W48 1977@tCopy 1@wBOOKS | |
| Police administration / / O. W. Wilson, Roy Clinton McLaren.-4th ed.-New York : : McGraw-Hill, , c1977. |
| xii, 703 p. : : ill. ; ; 24 cm. |
| Includes index.-Bibliography: p. 673-680. |
| ISBN 007070726X :$13.95. |
| ● |
| 相关链接 |
|
|
|
|
正题名:Police administration
索取号:D523.3/x20
 
预约/预借
| 序号 | 登录号 | 条形码 | 馆藏地/架位号 | 状态 | 备注 |
| 1 | 0007814 | 300078145 | 第二样本阅览室/ [索取号:D523.3/x20] | 在馆 | |
| 2 | 0007815 | 300078154 | 密集书库/ [索取号:D523.3/x20] | 在馆 | |
| 3 | 0007816 | 300078163 | 密集书库/ [索取号:D523.3/x20] | 在馆 | |
| 4 | 0007817 | 300078172 | 密集书库/ [索取号:D523.3/x20] | 在馆 | |
| 5 | 0007818 | 300078181 | 密集书库/ [索取号:D523.3/x20] | 在馆 | |
| 6 | 0007819 | 300078190 | 第四借阅区/ [索取号:D523.3/x20] | 在馆 | |
| 7 | 0007820 | 300078207 | 第四借阅区/ [索取号:D523.3/x20] | 在馆 |